000 00645nam a2200253Ia 4500
003 OSt
005 20221005032102.0
006 a|||||r|||| 00| 0
007 ta
008 221004b |||||||| |||| 00| 0 tam d
020 _c2.00
024 _a64768
037 _cTextual
040 _aCRL
_cCRL
_btam
041 _2tam
_atam
082 _aO31,3:g, K2
100 _aMani R.S. Au.
_9584763
245 0 _aNizhal Uruvam
260 _aChennai
_bVaanathi Pathippakam India
_c1962
300 _a114p.
_ccm.
650 _aTAMIL LITERATURE
942 _hO31,3:g, K2
_cTEXL
_2cc
999 _c939058
_d939058